Central Library OPAC University of Rajshahi

বাংলাদেশের সাহিত্যিক পরিচিতি / (Record no. 41172)

MARC details
000 -LEADER
fixed length control field 01061nam a2200241 a 4500
001 - CONTROL NUMBER
control field 41172
003 - CONTROL NUMBER IDENTIFIER
rucl marc code BD-RjUL
005 - DATE AND TIME OF LATEST TRANSACTION
control field 20211209053337.0
008 - FIXED-LENGTH DATA ELEMENTS--GENERAL INFORMATION
fixed length control field 160516s1991 bg ||||| |||| 00| 0 ben d
020 ## - INTERNATIONAL STANDARD BOOK NUMBER
Terms of availability : TK 500.00
035 ## - SYSTEM CONTROL NUMBER
System control number (BD-RjUL)41288
040 ## - CATALOGING SOURCE
Original cataloging agency BD-RjUL
Language of cataloging ben
Transcribing agency BD-RjUL
041 ## - LANGUAGE CODE
Language code of text/sound track or separate title ben
082 ## - DEWEY DECIMAL CLASSIFICATION NUMBER
Edition number 23
Classification number 891.44092
Author mark and year BAN 1991
245 00 - TITLE STATEMENT
Title বাংলাদেশের সাহিত্যিক পরিচিতি /
Statement of responsibility, etc. সংকলক মুহম্মদ আবদুল জলিল, সম্পাদক সেলিম জাহাঙ্গীর
260 ## - PUBLICATION, DISTRIBUTION, ETC. (IMPRINT)
Place of publication, distribution, etc. ঢাকা :
Name of publisher, distributor, etc. শঙখচিল,
Date of publication, distribution, etc. ১৯৯১
300 ## - PHYSICAL DESCRIPTION
Pagination [১৬], ৩৩৬ পৃ. ;
Size ২১ সেমি.
650 ## - SUBJECT ADDED ENTRY--TOPICAL TERM
Topical term or geographic name as entry element সাহিত্যিক বাংলা
General subdivision জীবনী
9 (RLIN) 126648
Topical term or geographic name as entry element Authors Bengali
General subdivision Biography
9 (RLIN) 126649
700 ## - ADDED ENTRY--PERSONAL NAME
Personal name জলিল, মুহম্মদ আবদুল, সংকলক
Personal name জাহাঙ্গীর, সেলিম, সম্পাদক
942 ## - ADDED ENTRY ELEMENTS (KOHA)
Source of classification or shelving scheme Dewey Decimal Classification
Koha item type Books
Holdings
Lost status Source of classification or shelving scheme Damaged status Not for loan Collection code Permanent Location Current Location Shelving location Date acquired Source of acquisition Cost, normal purchase price Total Checkouts Full call number Date last seen Copy number Koha item type
  Dewey Decimal Classification     Non-fiction Central Library, University of Rajshahi Central Library, University of Rajshahi   01/02/2009 RUCL 500.00   B 891.44092 BAN 1991 16/05/2016 C-2 Books